00473nam a2200109Ia 4500008004100000100003100041245014800072260002900220300001700249650001500266856008200281160712s9999 xx 000 0 und d aAncheta, Maria Rhodora G.  cMaria Rhodora G. AnchetaaPhantasmatic Constructions: Language and Humor and the Interrogation of Identity in Contemporary Filipino Comic Plays c2011bHumanities Diliman avol. 8 no. 2 xHUMANITIES uhttp://journals.upd.edu.ph/index.php/humanitiesdiliman/issue/view/305/showToc